Les arbres dans l'aménagement des terres sous les tropiques : une solution à la faim (Record no. 21964)

MARC details
000 -LEADER
fixed length control field 00500 a2200217 4500
020 ## - NUMERO INTERNATIONAL NORMALISE DES LIVRES
International Standard Book Number 0-88936-169-X
100 ## - VEDETTE PRINCIPALE - NOM DE PERSONNE
Personal name BENE, J. G
130 ## - VEDETTE PRINCIPALE - TITRE UNIFORME
Language of a work Fr.
260 ## - PUBLICATION, DISTRIBUTION, ETC. (IMPRINT)
Place of publication, distribution, etc Ottawa
260 ## - PUBLICATION, DISTRIBUTION, ETC. (IMPRINT)
Name of publisher, distributor, etc CRDI
245 ## - TITLE STATEMENT
Title Les arbres dans l'aménagement des terres sous les tropiques : une solution à la faim
260 ## - PUBLICATION, DISTRIBUTION, ETC. (IMPRINT)
Date of publication, distribution, etc 1978
300 ## - PHYSICAL DESCRIPTION
Extent 55p.
650 ## - SUBJECT ADDED ENTRY--TOPICAL TERM
Topical term or geographic name as entry element mise en valeur du sol
650 ## - SUBJECT ADDED ENTRY--TOPICAL TERM
Topical term or geographic name as entry element famine
651 ## - SUBJECT ADDED ENTRY--GEOGRAPHIC NAME
Geographic name zone humide
700 1# - ADDED ENTRY--PERSONAL NAME
Personal name BEALLH W
700 1# - ADDED ENTRY--PERSONAL NAME
Personal name COTE, A.
Holdings
Withdrawn status Lost status Damaged status Not for loan Location (home branch) Sublocation or collection (holding branch) Date acquired Koha issues (times borrowed) Koha full call number Koha date last seen Copy number Price effective from Koha item type Public note
        Bibliothèque-Centre de Documentation de la Faculté des Sciences Agronomiques Bibliothèque-Centre de Documentation de la Faculté des Sciences Agronomiques     AGE.1978.002 27/02/2009 1 27/02/2009 Livre A.5772


© 2008, Bibliothèques de l'Université d'Abomey-Calavi

04 BP 789 Cotonou, Tél. : +229 21 36 01 01, Fax : +229 21 35 06 32

Courriel : bu@bu.uac.bj